| 000 | 00370nam a2200145Ia 4500 | ||
|---|---|---|---|
| 008 | 230917s9999||||xx |||||||||||||| ||und|| | ||
| 040 |
_e41604 _aMAIN |
||
| 041 | _aEnglish | ||
| 082 | _a809.89282 C436C | ||
| 100 | _aTwain, Mark | ||
| 245 | 4 | _aThe adventures of Tom Sawyer | |
| 260 |
_aNew York _bHolt, Rinehart & Winston _c1961 |
||
| 300 | _axv, 272 p. | ||
| 942 | _cBK | ||
| 999 |
_c227927 _d227927 |
||